Mustolan kadut - Statistics

Yleistilastot
  • Tätä visaa on pelattu 3 kertaa
  • Keskiarvotulos 4 / 26
Vastaustilastot
Perusnimi Nimi % Oikein
Tie Itäinen kanavatie
67%
Tie Läntinen kanavatie
67%
Katu Mustolankatu
67%
Katu Eeronkatu
33%
Tie Nuijamaantie
33%
Katu Pitkäkatu
33%
Tie Sulkutie
33%
Katu Terminaalinkatu
33%
Katu Aaponkatu
0%
Katu Ahtaajankatu
0%
Väylä Ahtaajanväylä
0%
Katu Antinkatu
0%
Katu Haajasenkatu
0%
Katu Jahmankatu
0%
Katu Jyrkännekatu
0%
Katu Kaarikatu
0%
Väylä Laivurinväylä
0%
Väylä Lastaajanväylä
0%
Katu Ojurinkatu
0%
Katu Pelkolankatu
0%
Katu Pihtakuusenkatu
0%
Tie Pirtintie
0%
Katu Sembrankatu
0%
Katu Simeoninkatu
0%
Tie Talontie
0%
Katu Vuorelankatu
0%
Ehtoja vastaavia visoja ei löytynyt
Tulosjakauma
Jokaisen tuloksen saaneiden osuus
Persentiili vastausten määrän mukaan
Tuloshistoriasi
Et ole pelannut tätä visaa